000 00307nam a22001457a 4500
003 SGT
082 _a618.92, M15C
100 _aCLOHERTY, JOHN, P
245 _aMANUAL OF NEONATAL CARE
250 _a7TH
260 _aINDIA
_bWOLTES KLUWER
_c2015
300 _a1007
650 _aMEDICINE
942 _2ddc
_cBK
999 _c8397
_d8397